000
00284nam a22001217a 4500
008
160512b xxu||||| |||| 00| 0 eng d
020
_a
9780071614085
020
_a
9780071614085
041
_a
eng
080
_a
616.12
245
_a
Cardiology:
_c
Ragavendra R. Baliga;
942
_2
udc
_c
BK
999
_c
2133
_d
2133